| 000 | 00831nam a2200217 i 4500 | ||
|---|---|---|---|
| 001 | 180351 | ||
| 003 | ES-MaACL | ||
| 005 | 20230906221053.0 | ||
| 008 | 120530s1975 sp a ||||0| spa d | ||
| 080 | _a616.36-002-053.2(043.2) | ||
| 100 | 1 |
_aPujals Ferrus, José María. _9150194 |
|
| 245 | 1 | 0 |
_aContribución al estudio del antígeno Australia en patología infantil... / _cpor José Mª Pujals Ferrús. |
| 260 |
_aBarcelona : _bUniversidad, Secretariado de Publicaciones, Intercambio Científico y Extensión Universitaria, _c1975. |
||
| 300 |
_a24 p. : _bil. ; _c24 cm. |
||
| 502 | _aTesis Univ. de Barcelona (Extracto) | ||
| 504 | _aBibliografía. | ||
| 650 | 0 | 4 |
_aHepatitis víricas. _913308 |
| 650 | 0 | 4 |
_aNiños- _xEnfermedades. _915546 |
| 710 | 2 |
_aUniversidad de Barcelona. _97141 |
|
| 852 |
_aES-MaACL _jE-15361(178) |
||
| 999 |
_c180351 _d180351 |
||